logo

Bir Sreshtho Munshi Abdur Rouf Library
Jhenaidah Cadet College

Integrating college study skills : (Record no. 7045)

MARC details
000 -LEADER
fixed length control field 00766cam a2200253 a 4500
001 - CONTROL NUMBER
JCCL Control Number 7045
003 - CONTROL NUMBER IDENTIFIER
JCCL marc code BD-JhCC
005 - DATE AND TIME OF LATEST TRANSACTION
control field 20180417181934.0
008 - FIXED-LENGTH DATA ELEMENTS--GENERAL INFORMATION
fixed length control field 830820s1984 caua b 001 0 eng
020 ## - INTERNATIONAL STANDARD BOOK NUMBER
International Standard Book Number 0534028233 (pbk.)
035 ## - SYSTEM CONTROL NUMBER
system control number (BD-JhCC)
040 ## - CATALOGING SOURCE
Original cataloging agency DLC
Transcribing agency DLC
Modifying agency DLC
041 ## - LANGUAGE CODE
Language code of Book eng
050 00 - LIBRARY OF CONGRESS CALL NUMBER
Classification number LB2395
Item number .S597 1984
082 00 - DEWEY DECIMAL CLASSIFICATION NUMBER
Classification number 378/.17/02812
DDC Edition number 19
Author mark and Year SOT 1984
100 1# - MAIN ENTRY--PERSONAL NAME
Personal name Sotiriou, Peter Elias.
245 10 - TITLE STATEMENT
Title Integrating college study skills :
Remainder of title reasoning in reading, listening, and writing /
Statement of responsibility, etc Peter Elias Sotiriou.
260 ## - PUBLICATION, DISTRIBUTION, ETC. (IMPRINT)
Place of publication, distribution, etc Belmont, Calif. :
Name of publisher, distributor, etc Wadsworth Pub. Co.,
Date of publication, distribution, etc c1984.
300 ## - PHYSICAL DESCRIPTION
Pagination xv, 352 p. :
Other physical details ill. ;
Dimensions 24 cm.
504 ## - BIBLIOGRAPHY, ETC. NOTE
Bibliography, etc Includes bibliographical references and index.
650 #0 - SUBJECT ADDED ENTRY--TOPICAL TERM
Topical term or geographic name as entry element Study skills.
942 ## - ADDED ENTRY ELEMENTS (KOHA)
Source of classification or shelving scheme Dewey Decimal Classification
Koha item type Books
Holdings
Source of classification or shelving scheme Damaged status Not for loan Home library Current library Shelving location Date of accession Total Checkouts Full call number Barcode Date last seen Copy number Koha item type
Dewey Decimal Classification     JCC Rouf Library JCC Rouf Library General Stacks 02/04/2018   378/.17/02812 SOT 1984 1168 02/04/2018 C-1 Books

JCC Library | Contacts | JCC Home

Last Update on 23 September 2017
Copyright @ 2017-2020 JCC Rouf Library
Rouf Library, Jhenidah Cadet College (JCC), Bangladesh